[Event "XVII Orsha-2019 Open"]
[Site "Orsha"]
[Date "2019.01.18"]
[Round "1.36"]
[White "Bogacheva, Anna"]
[Black "Platnitski, Siarhei"]
[Result "1/2-1/2"]
[WhiteElo "1955"]
[BlackElo "1383"]
[PlyCount "116"]
[EventDate "2019.01.18"]
[EventType "swiss"]
[EventCountry "BLR"]
[TimeControl "5400+30"]

1. e4 c5 2. g3 Nc6 3. Bg2 g6 4. d3 Bg7 5. c3 d6 6. Be3 e5 7. Qd2 Nge7 8. Bh6 O-O 9. Bxg7 Kxg7 10. h4 h6 11. Na3 Be6 12. Ne2 d5 13. h5 g5 14. f4 f6 15. Nc2 dxe4 16. Bxe4 Bd5 17. Ne3 Qd7 18. Nxd5 Nxd5 19. O-O-O a6 20. Kb1 b5 21. d4 exd4 22. cxd4 c4 23. Nc3 Nce7 24. Rhe1 Rfe8 25. fxg5 fxg5 26. Nxd5 Nxd5 27. Qg2 Rad8 28. Bxd5 Rxe1 29. Rxe1 Qxd5 30. Qc2 Qf7 31. Qe4 Rf8 32. d5 Qf5 33. d6 Qxe4+ 34. Rxe4 Kf6 35. Re7 Rf7 36. Re8 Rd7 37. Rh8 Kg7 38. Rb8 Rxd6 39. a4 bxa4 40. Rb4 Rc6 41. Rxa4 Kf6 42. Ra5 g4 43. Kc2 Ke6 44. Kc3 Kf6 45. Kd4 Ke6 46. Ke4 Kf6 47. Rf5+ Ke6 48. Rf8 a5 49. Rh8 Kf7 50. Rh7+ Kg8 51. Ra7 c3 52. bxc3 Rxc3 53. Kf5 Rc5+ 54. Kxg4 Rg5+ 55. Kh4 Kh8 56. g4 Kg8 57. Kg3 Kh8 58. Kf4 Kg8 1/2-1/2

[Event "XVII Orsha-2019 Open"]
[Site "Orsha"]
[Date "2019.01.18"]
[Round "1.37"]
[White "Poghosyan, Sarmen"]
[Black "Stashis, Anna"]
[Result "1/2-1/2"]
[WhiteElo "1361"]
[BlackElo "1931"]
[PlyCount "68"]
[EventDate "2019.01.18"]
[EventType "swiss"]
[EventCountry "BLR"]
[TimeControl "5400+30"]

1. e4 c5 2. Ne2 d6 3. g3 g6 4. Bg2 Bg7 5. O-O e6 6. c3 Ne7 7. d4 cxd4 8. cxd4 O-O 9. Nbc3 Nbc6 10. Be3 d5 11. exd5 Nxd5 12. Nxd5 exd5 13. Nf4 Be6 14. Qb3 Nxd4 15. Bxd4 Bxd4 16. Bxd5 Bxd5 17. Nxd5 Qd6 18. Rad1 Qc5 19. Rc1 Qa5 20. Rfd1 Bg7 21. Ne7+ Kh8 22. Rd5 Qa6 23. Rd7 Qe2 24. Rxb7 Rad8 25. Rf1 Rd2 26. Qe3 Qxe3 27. fxe3 Bh6 28. e4 Be3+ 29. Kh1 Bc5 30. Nd5 f5 31. Ne7 Bxe7 32. Rxe7 Rxb2 33. Rxa7 Rc8 34. exf5 Rcc2 1/2-1/2

[Event "XVII Orsha-2019 Open"]
[Site "Orsha"]
[Date "2019.01.18"]
[Round "1.38"]
[White "Dmitriev, Nikolay"]
[Black "Simonian, Anna"]
[Result "1-0"]
[WhiteElo "1923"]
[BlackElo "1289"]
[PlyCount "57"]
[EventDate "2019.01.18"]
[EventType "swiss"]
[EventCountry "BLR"]
[TimeControl "5400+30"]

1. Nf3 Nf6 2. g3 g6 3. Bg2 Bg7 4. O-O O-O 5. d4 d6 6. b3 Nbd7 7. Bb2 Re8 8. c4 c6 9. Qd2 Qc7 10. Nc3 e5 11. dxe5 dxe5 12. Rad1 e4 13. Ng5 e3 14. fxe3 Bh6 15. Nce4 Nxe4 16. Nxe4 f5 17. Qc3 Qe5 18. Qxe5 Nxe5 19. Nf6+ Kf7 20. Nxe8 Bxe3+ 21. Kh1 Ng4 22. Nd6+ Ke6 23. Bf3 Nf2+ 24. Rxf2 Bxf2 25. Kg2 Bc5 26. Nxc8 Rxc8 27. e4 Rf8 28. exf5+ Rxf5 29. Bg4 1-0

[Event "XVII Orsha-2019 Open"]
[Site "Orsha"]
[Date "2019.01.18"]
[Round "1.39"]
[White "Vlasov, Andrey"]
[Black "Spizharny, Mikhail"]
[Result "0-1"]
[WhiteElo "2316"]
[BlackElo "1923"]
[PlyCount "54"]
[EventDate "2019.01.18"]
[EventType "swiss"]
[EventCountry "BLR"]
[TimeControl "5400+30"]

1. e4 c5 2. c3 Nf6 3. e5 Nd5 4. d4 cxd4 5. Nf3 e6 6. Bc4 Nb6 7. Qb3 Nc6 8. cxd4 Na5 9. Qb5 Naxc4 10. a4 a6 11. Qb3 Na5 12. Qc2 Nd5 13. Bd2 Nb4 14. Qc3 b6 15. O-O Bb7 16. Bg5 Be7 17. Bxe7 Qxe7 18. Nbd2 Rc8 19. Qe3 Nc2 20. Qf4 Nxa1 21. Rxa1 O-O 22. Ra3 Nc4 23. Nxc4 Rxc4 24. Ng5 Rxd4 25. Qxd4 Qxg5 26. Kf1 Qxg2+ 27. Ke2 Qe4+ 0-1

[Event "XVII Orsha-2019 Open"]
[Site "Orsha"]
[Date "2019.01.18"]
[Round "2"]
[White "Moskalenko, Alexander"]
[Black "Strybuk, Artsiom I"]
[Result "1-0"]
[WhiteElo "2517"]
[BlackElo "2110"]
[Annotator "TA"]
[PlyCount "78"]
[EventDate "2019.01.18"]
[EventType "swiss"]
[EventCountry "BLR"]
[SourceTitle "playchess.com"]
[Source "ChessBase"]
[SourceQuality "1"]

{[%evp 19,78,33,28,21,88,95,131,117,154,131,140,137,131,110,112,107,97,90,81,82,99,86,131,129,158,159,152,149,150,161,241,199,225,218,314,312,437,435,495,301,422,431,450,459,443,442,416,355,356,338,439,411,516,480,1989,1979,29981,29982,29982,29983,29989]} 1. Nf3 ({Predecessor:} 1. d4 g6 2. Nf3 Bg7 3. g3 d6 4. Bg2 Nf6 5. O-O O-O 6. Nbd2 c6 7. b3 Re8 8. Bb2 Nbd7 9. Re1 {1-0 (28) Brinovec,F (2200)-Przymusinski,K (2045) Poland 2005}) 1... Nf6 2. g3 g6 3. b3 Bg7 4. Bb2 O-O 5. Bg2 c6 $146 (5... d6 6. d4 c6 {1-0 (54) Pantsulaia,L (2605)-Haldorsen,B (2405) chess.com INT 2018}) 6. O-O d6 7. d4 Nbd7 (7... Re8 8. Re1 Qc7 9. Nbd2 {1-0 (54) Pantsulaia,L (2605)-Haldorsen,B (2405) chess.com INT 2018}) 8. Re1 Qc7 9. Nbd2 {[%cal Bb1d2,Bd2c4,Bc4d6][%mdl 32]} Re8 10. e4 e5 11. Nc4 {A49: 1 d4 Nf6 2 Nf3 g6 3 g3: Anti-King's Indian systems} b5 (11... Nb6 $11) 12. dxe5 $16 dxe5 13. Qd6 {White is clearly better.} Qxd6 14. Nxd6 Re6 15. Rad1 (15. Nxc8 Rxc8 16. a4 b4 17. Bh3 Re7 18. Rad1 Rc7 {1-0 (54) Pantsulaia,L (2605)-Haldorsen,B (2405) chess.com INT 2018}) 15... Ba6 ({Predecessor:} 15... Bf8 16. Nxc8 Rxc8 17. Bh3 Re7 18. Nxe5 Rc7 19. Nxd7 Nxd7 {1-0 (28) Brinovec,F (2200)-Przymusinski,K (2045) Poland 2005}) 16. Ba3 {[#] Black must now prevent Bh3.} c5 17. Bf1 Rb8 18. c4 {And now Ng5 would win.} b4 19. Bb2 Bf8 20. Nb5 Bxb5 21. cxb5 Rbe8 22. Bc4 R6e7 23. Rd6 {[%cal Bd1d6,Bd6c6,Bc6c7][%mdl 32]} Kg7 24. Rc6 Rd8 (24... Nb6 {keeps fighting.} 25. Bf1 (25. Rxc5 Nfd7 $16) 25... Nfd7) 25. Rc7 Nb6 26. Rxc5 Red7 {[#]} (26... Nfd7 $142 27. Rc7 (27. Nxe5 Nxe5 28. Rxe5 Rxe5 $18) (27. Bxe5+ Rxe5 28. Rxe5 Nxc4 $14) 27... f6) 27. Rc6 $1 $18 (27. Rxe5 h6 $16) 27... Be7 (27... Nxc4 $142 28. bxc4 Rd3) 28. Bxe5 Rd1 29. Rc7 Rxe1+ (29... R1d7 $142 30. Rc6 h5) 30. Nxe1 Nxc4 31. bxc4 ({Not} 31. Rxe7 Nxe5 32. Rxe5 Rd2 $16) 31... Kf8 32. Rxa7 Nxe4 33. Nf3 Bc5 34. Ra6 Nxf2 35. Kg2 Ne4 36. b6 g5 (36... Be7 $142 37. b7 Nc5) 37. b7 g4 38. Ra8 gxf3+ 39. Kxf3 Nd2+ {Accuracy: White = 78%, Black = 43%.} 1-0

[Event "XVII Orsha-2019 Open"]
[Site "Orsha"]
[Date "2019.01.18"]
[Round "2"]
[White "Krylov, Ivan"]
[Black "Vifleemskaia, Svetlana"]
[Result "1-0"]
[WhiteElo "2441"]
[BlackElo "2030"]
[Annotator "TA"]
[PlyCount "63"]
[EventDate "2019.01.18"]
[EventType "swiss"]
[EventCountry "BLR"]
[SourceTitle "playchess.com"]
[Source "ChessBase"]
[SourceQuality "1"]

{[%evp 9,63,6,29,20,24,-1,0,0,9,-2,14,9,28,12,21,12,22,10,14,0,15,-12,78,35,57,33,149,139,167,163,172,150,177,58,138,153,290,289,810,480,483,465,719,710,722,272,410,404,1314,1314,1291,1289,1458,1423,29994,29995]} 1. d4 ({Predecessor:} 1. Nf3 d5 2. d4 Nc6 3. Bf4 Bf5 {1-0 (27) Zmatlik,T (1250)-Vystavelova,A (1000) Mlada Boleslav 2012}) 1... Nc6 2. Bf4 $146 (2. Nf3 d5 3. Bf4 Bf5 {1-0 (46) Vaisser,A (2536)-Abergel,T (2504) Caen 2011}) 2... d5 3. e3 Bf5 4. Nf3 e6 5. Bb5 a6 (5... Bd6 6. Ne5 Nge7 7. g4 Be4 8. f3 Bg6 9. Bg3 O-O 10. Nxg6 Nxg6 11. f4 f5 12. Nd2 a6 13. Be2 fxg4 14. Bxg4 {1-0 (46) Vaisser,A (2536)-Abergel,T (2504) Caen 2011}) 6. Bxc6+ {D02: 1 d4 d5 2 Nf3 sidelines, including 2...Nf6 3 g3 and 2...Nf6 3 Bf4} bxc6 7. Ne5 f6 ({Predecessor:} 7... Bb4+ 8. Nc3 Qe7 9. O-O Nf6 10. Nxc6 Qd7 11. Nxb4 O-O 12. Bg5 Ng4 13. f3 Nxh2 14. Kxh2 {1-0 (27) Zmatlik,T (1250)-Vystavelova,A (1000) Mlada Boleslav 2012}) 8. Nd3 {The position is equal.} ({Don't play} 8. Nxc6 Qd7 $17) 8... Bd6 9. Bg3 Qe7 10. Nd2 h5 11. Qe2 h4 12. Bxd6 cxd6 13. e4 $36 {[%mdl 2048] Black is under pressure.} dxe4 14. Nxe4 Nh6 15. O-O-O Nf7 (15... e5 $11) 16. Rhe1 Rb8 17. g4 Bxe4 (17... Bh7 $1 $14) 18. Qxe4 $16 {[%mdl 64] [#] Double Attack} Kd7 19. Nf4 Ng5 20. Qd3 {Strongly threatening d5.} Qd8 21. Qg6 ({Much less strong is} 21. Qxa6 Qb6 $16) (21. Ng6 $18 {Threatens to win with f4.} Re8 22. f4 (22. Nxh4 d5 $14) (22. Qxa6 Ra8 $16)) 21... Qf8 (21... Qg8 $1 $14) 22. Re3 Rh6 (22... Qf7 $16) 23. Qd3 $18 e5 $2 (23... d5 24. Qxa6 Qc8) 24. Ng6 Rxg6 25. Qxg6 e4 (25... Kc7 $142 26. dxe5 dxe5) 26. f4 exf3 27. Rde1 $2 (27. Qf5+ Kc7 28. Qa5+ Kd7 29. d5 cxd5 30. Qxa6) 27... f2 (27... d5 $142 28. a3 Ne4 29. Rxf3 Kd6) 28. Qf5+ {[%mdl 64] [#] Double Attack} Kc7 (28... Kd8 $142) 29. Re7+ Kb6 30. R1e3 {[%cal Re3b3]} d5 31. Qxf2 {White wants to mate with Rb3+.} Ne4 32. Rb3+ {Accuracy: White = 47%, Black = 18%.} 1-0

[Event "XVII Orsha-2019 Open"]
[Site "Orsha"]
[Date "2019.01.18"]
[Round "2"]
[White "Grishchenko, Sergey"]
[Black "Bury, Gleb M"]
[Result "1-0"]
[WhiteElo "2409"]
[BlackElo "1961"]
[Annotator "NA"]
[PlyCount "31"]
[EventDate "2019.01.18"]
[EventType "swiss"]
[EventCountry "BLR"]
[SourceTitle "playchess.com"]
[Source "ChessBase"]
[SourceQuality "1"]
[TimeControl "5400+30"]

1. d4 {[%emt 0:00:00]} Nf6 {[%emt 0:00:00]} 2. c4 {[%emt 0:00:00]} g6 {[%emt 0:00:00]} 3. Nc3 {[%emt 0:00:00]} d5 {[%emt 0:00:00]} 4. Bf4 {[%emt 0:00:00]} Bg7 {[%emt 0:01:34]} 5. Nf3 {[%emt 0:00:03]} O-O {[%emt 0:01:04]} 6. Rc1 {[%emt 0:00:04]} Be6 {[%emt 0:03:19]} 7. Qb3 {[%emt 0:06:34]} b6 {[%emt 0:10:02]} 8. e3 {[%emt 0:20:52]} Nc6 {[%emt 0:09:00]} 9. Qa4 {[%emt 0:15:07]} Na5 {[%emt 0:14:10]} 10. cxd5 {[%emt 0:01:19]} Nxd5 {[%emt 0:07:50]} 11. Nxd5 {[%emt 0:06:43]} Bxd5 {[%emt 0:04:25]} 12. Bxc7 {[%emt 0:18:07]} Rc8 {[%emt 0:15:16]} 13. Bxd8 {[%emt 0:01:09]} Rxc1+ {[%emt 0:00:03]} 14. Kd2 {[%emt 0:00:09]} Ra1 {[%emt 0:00:17]} 15. Bxe7 {[%emt 0:01:15]} Rc8 {[%emt 0:23:07]} 16. Ba6 {[%emt 0:02:13]} 1-0

[Event "XVII Orsha-2019 Open"]
[Site "Orsha"]
[Date "2019.01.18"]
[Round "2"]
[White "Vorobjov, Pavel"]
[Black "Dmitriev, Nikolay"]
[Result "1-0"]
[WhiteElo "2296"]
[BlackElo "1923"]
[Annotator "NA"]
[PlyCount "55"]
[EventDate "2019.01.18"]
[EventType "swiss"]
[EventCountry "BLR"]
[SourceTitle "playchess.com"]
[Source "ChessBase"]
[SourceQuality "1"]
[TimeControl "5400+30"]

1. Nf3 {[%emt 0:00:00]} d5 {[%emt 0:00:00]} 2. c4 {[%emt 0:00:00]} c6 {[%emt 0:00:00]} 3. b3 {[%emt 0:00:25]} Nf6 {[%emt 0:01:10]} 4. Bb2 {[%emt 0:00:17]} Bf5 {[%emt 0:01:20]} 5. g3 {[%emt 0:00:57]} e6 {[%emt 0:00:34]} 6. Bg2 {[%emt 0:00:31]} Nbd7 {[%emt 0:00:25]} 7. O-O {[%emt 0:00:25]} Bd6 {[%emt 0:01:38]} 8. d3 {[%emt 0:00:48]} Qe7 {[%emt 0:04:55]} 9. Nbd2 {[%emt 0:03:29]} e5 {[%emt 0:01:44]} 10. cxd5 {[%emt 0:02:51]} cxd5 {[%emt 0:00:08]} 11. Nh4 {[%emt 0:03:04]} Be6 {[%emt 0:02:21]} 12. e4 {[%emt 0:01:38]} O-O {[%emt 0:04:13]} 13. exd5 {[%emt 0:10:33]} Nxd5 {[%emt 0:02:40]} 14. Nc4 {[%emt 0:02:44]} Rac8 {[%emt 0:04:10]} 15. Bxd5 {[%emt 0:02:27]} Bxd5 {[%emt 0:01:34]} 16. Nf5 {[%emt 0:00:13]} Qf6 {[%emt 0:01:15]} 17. Nfxd6 {[%emt 0:06:18]} Bf3 {[%emt 0:04:48]} 18. Ne4 {[%emt 0:03:49]} Qf5 {[%emt 0:00:52]} 19. Ne3 {[%emt 0:00:34]} Qh5 {[%emt 0:00:22]} 20. g4 {[%emt 0:00:14]} Bxd1 {[%emt 0:03:03]} 21. gxh5 {[%emt 0:00:25]} Bxh5 {[%emt 0:01:19]} 22. Nf5 {[%emt 0:03:25]} Rc2 {[%emt 0:03:30]} 23. Ba3 {[%emt 0:00:26]} Re8 {[%emt 0:00:16]} 24. Rfc1 {[%emt 0:00:45]} Rxc1+ {[%emt 0:00:26]} 25. Rxc1 {[%emt 0:00:09]} Bg4 {[%emt 0:01:07]} 26. Rc7 {[%emt 0:04:55]} Nb6 {[%emt 0:02:36]} 27. Nh6+ {[%emt 0:00:45]} gxh6 {[%emt 0:00:14]} 28. Nf6+ {[%emt 0:00:11]} 1-0

[Event "XVII Orsha-2019 Open"]
[Site "Orsha"]
[Date "2019.01.18"]
[Round "2"]
[White "Papunidi, Matvey"]
[Black "Fedorov, Alexei"]
[Result "0-1"]
[WhiteElo "2113"]
[BlackElo "2557"]
[Annotator "TA"]
[PlyCount "112"]
[EventDate "2019.01.18"]
[EventType "swiss"]
[EventCountry "BLR"]
[SourceTitle "playchess.com"]
[Source "ChessBase"]
[SourceQuality "1"]

{[%evp 27,112,28,32,26,20,10,34,5,43,14,33,4,22,-7,-7,-10,-10,-16,0,-11,-7,-26,-20,-97,-87,-87,-85,-149,-149,-156,-133,-122,-133,-130,-135,-135,-140,-124,-121,-103,-50,-62,-58,-55,-51,-93,-70,-66,-43,-111,-103,-200,-200,-193,-187,-192,-185,-206,-199,-185,-149,-265,-265,-226,-210,-204,-164,-285,-285,-285,-278,-337,-277,-460,-460,-460,-460,-453,-416,-691,-633,-718,-570,-29979,-29979,-29978,-29979]} 1. e4 c5 2. Nf3 e6 3. d4 cxd4 4. Nxd4 a6 5. c4 Nf6 6. Nc3 d6 7. Be2 Be7 8. Be3 O-O 9. Qd2 b6 10. O-O Bb7 11. f3 Nbd7 12. Rfd1 Re8 13. Rac1 {A31: Symmetrical English: 2 Nf3 Nf6 3 d4} (13. Bf1 Qc7 14. Rac1 Rac8 15. Qf2 Qb8 16. Kh1 Bd8 17. h3 Bc7 18. b4 d5 19. cxd5 Bg3 20. Qd2 exd5 21. Nf5 dxe4 22. f4 Nh5 23. Qxd7 Bxf4 24. Bxf4 Qxf4 25. Ne2 {1-0 (25) Malakhov,V (2696)-Wang,Y (2442) China 2017}) 13... Rc8 14. Bf1 Bf8 {LiveBook: 14 Games} 15. Kh1 {[#] White is slightly better.} h6 $146 ({Predecessor:} 15... Qc7 16. a3 Qb8 17. b4 Ne5 18. Na4 Nfd7 19. Nb2 Rc7 20. Rc2 Rec8 21. Rdc1 Qa8 22. Nb3 Rb8 23. Qf2 Bc8 24. Be2 a5 25. Nd4 {½-½ (38) Riazantsev,A (2543)-Dvoirys,S (2567) Hoogeveen 2002}) 16. Qf2 Ne5 17. b3 Nfd7 18. Na4 Qf6 19. Nc2 d5 $1 20. cxd5 (20. f4 $5 {[%cal Rf4e5]} Ng4 21. Qg3 Nxe3 22. Nxe3 $11) 20... exd5 21. exd5 {[%cal Re3b6]} b5 22. Nb6 Rcd8 23. Nxd7 Rxd7 24. Bd4 {Strongly threatening f4.} Rxd5 25. Ne3 {[#]} (25. Rd2 $11) 25... Nd3 $1 $36 {[%cal Rd3f2][%mdl 2560] Black is on the roll.} 26. Rxd3 Rxd4 27. Rxd4 ({White should try} 27. Nf5 Rxd3 28. Bxd3) 27... Qxd4 28. Ng4 Qf4 29. Re1 Rxe1 30. Qxe1 h5 31. Qe3 {[#]} Qxe3 $1 32. Nxe3 {[%mdl 4096] Endgame KBB-KBN} Bc5 33. Nc2 Bd5 (33... Kf8 $17 34. Ne1 Ke7) 34. Ne1 g6 35. Nd3 Bb6 36. Ne5 Bd4 37. Nd3 Kf8 38. Nb4 ({Better is} 38. h4 $15) 38... Bb7 39. a4 (39. Be2 $17) 39... bxa4 $19 40. bxa4 a5 41. Nc2 {[#]} Bc5 $1 42. Bb5 Ke7 43. Ne1 Kd6 44. Nd3 (44. Be8 $17) 44... Bd4 45. Be8 Ba6 46. Ne1 Bc4 47. f4 (47. g3 $142) 47... Be3 48. f5 g5 ({Don't take} 48... gxf5 49. h4 $19) 49. Nc2 Bc5 50. Ne1 $2 (50. h3 {was necessary.}) 50... g4 51. h3 Ke5 52. hxg4 hxg4 53. Bd7 (53. g3 $142 Kxf5 54. Bd7+ Kg5 55. Kh2) 53... Kf4 54. Kh2 Ke3 {aiming for ...Kf2.} 55. g3 Kf2 56. Ng2 Bd6 {Accuracy: White = 34%, Black = 69%.} 0-1

[Event "XVII Orsha-2019 Open"]
[Site "Orsha"]
[Date "2019.01.18"]
[Round "2"]
[White "Navumenka, Mikhei"]
[Black "Zabotin, Alexander"]
[Result "0-1"]
[WhiteElo "2104"]
[BlackElo "2484"]
[Annotator "TA"]
[PlyCount "96"]
[EventDate "2019.01.18"]
[EventType "swiss"]
[EventCountry "BLR"]
[SourceTitle "playchess.com"]
[Source "ChessBase"]
[SourceQuality "1"]

{[%evp 16,96,-1,-28,16,8,22,17,26,-1,9,-1,21,20,24,17,15,8,6,0,0,3,11,11,14,11,28,15,23,10,27,12,36,14,27,-4,30,29,22,26,30,16,37,40,36,41,60,0,-4,-6,0,0,0,-254,-244,-238,-236,-523,-509,-489,-489,-460,-482,-850,-843,-856,-838,-813,-764,-704,-702,-695,-684,-5554,-5554,-5554,-5554,-5554,-5547,-4133,-2757,-935,-930]} 1. Nf3 Nf6 2. c4 c5 3. Nc3 Nc6 4. g3 g6 5. Bg2 Bg7 6. O-O O-O 7. d3 b6 8. Bd2 Bb7 9. Rb1 {LiveBook: 3 Games. A30: Symmetrical English: Double Fianchetto and Hedgehog} (9. Ne5 Qc7 10. Nxc6 Bxc6 11. e4 e6 12. Bf4 d6 13. Qd2 a6 14. a4 Rab8 15. Rfb1 Nh5 16. Be3 f5 {0-1 (63) Ftacnik,L (2555)-Ponomariov,R (2710) Czech Republic 2016}) 9... Nd4 10. e4 $146 ({Predecessor:} 10. e3 Nxf3+ 11. Bxf3 Bxf3 12. Qxf3 d6 13. Nd5 Nd7 14. Bc3 Ne5 15. Qe2 e6 16. Nf4 Rc8 {0-1 (39) Kvamme,I (1444)-Green,P (1966) Reykjavik 2017}) 10... Nxf3+ 11. Bxf3 {The position is equal.} Ne8 {[%cal Bf6e8,Be8c7,Bc7e6][%mdl 32]} 12. Qc1 Nc7 13. Bh6 Ne6 14. Bxg7 Kxg7 15. Bg2 Nd4 16. Qe3 (16. Qd2 {is interesting.} e5 17. Rbe1 Qe7 18. f4 exf4 19. gxf4 f6 20. f5) 16... d6 17. Ne2 Nxe2+ 18. Qxe2 e6 19. f4 {[%cal Bf2f4,Bf4f5][%mdl 32]} Qd7 20. Rbd1 Qe7 21. Qd2 f6 22. d4 cxd4 23. Qxd4 Rfd8 24. f5 Rac8 25. g4 e5 26. Qd3 g5 27. b3 Qc7 28. Qe3 Bc6 29. a4 Be8 30. Rd3 a6 31. Qd2 (31. Ra1 $14) 31... b5 $11 32. cxb5 axb5 33. a5 b4 34. Rd1 $2 {[%mdl 8192]} (34. Ra1 $11) 34... Qxa5 $19 35. h4 h6 ({Weaker is} 35... gxh4 36. g5 $17) 36. Rxd6 $2 (36. Kh2) 36... Qc5+ {Black is clearly winning.} 37. Kh2 {[#]} Rxd6 $1 38. Qxd6 Qf2 {( -> ...Rc2)} 39. Qe6 ({Avoid the trap} 39. Qe7+ $2 Bf7) (39. Qd2 $142 Qxh4+ {[%mdl 64] Double Attack} 40. Kg1) 39... Qf4+ 40. Kh1 Rc1 41. Rxc1 Qxc1+ 42. Kh2 Bf7 43. Qe7 Qf4+ 44. Kg1 Qe3+ 45. Kh2 gxh4 46. Qxb4 Qg3+ {[%mdl 64] [#] Double Attack} 47. Kh1 h3 {[%csl Gh3][%cal Rg3g2]} 48. Bf1 Qf3+ {[%mdl 64] Double Attack. Accuracy: White = 33%, Black = 61%.} 0-1

[Event "XVII Orsha-2019 Open"]
[Site "Orsha"]
[Date "2019.01.18"]
[Round "2"]
[White "Kuleshov, Konstantin"]
[Black "Zarubitski, Viachaslau"]
[Result "0-1"]
[WhiteElo "2098"]
[BlackElo "2415"]
[Annotator "TA"]
[PlyCount "62"]
[EventDate "2019.01.18"]
[EventType "swiss"]
[EventCountry "BLR"]
[SourceTitle "playchess.com"]
[Source "ChessBase"]
[SourceQuality "1"]

{[%evp 19,62,16,28,21,37,31,23,19,27,11,18,24,8,0,0,-29,-22,-28,-25,-28,-15,-41,-36,-25,-28,-27,-33,-29,0,-29,-47,-41,-37,-77,-92,-147,-158,-158,-140,-181,-170,-472,-466,-1345,-688]} 1. d4 Nf6 2. c4 Nc6 3. Nf3 e6 4. Nc3 Bb4 5. Qc2 O-O 6. Bg5 h6 7. Bd2 d6 8. a3 Bxc3 9. Bxc3 Qe7 {E33: Nimzo-Indian: Classical: 4...Nc6} 10. e3 e5 {LiveBook: 18 Games} 11. Be2 Bg4 {The position is equal.} (11... a5 12. b3 e4 13. Nd2 Bf5 14. O-O d5 15. b4 axb4 16. axb4 Nxb4 17. Qb2 Rxa1 18. Rxa1 {0-1 (31) Georgiev,K (2644)-Fressinet,L (2717) Dubai 2014}) 12. dxe5 dxe5 13. b4 $146 {[%cal Bb2b4,Bb4b5][%mdl 32]} ({Predecessor:} 13. O-O a5 14. b3 Rfd8 15. Bb2 {0-1 (62) Grigorov,G (2489)-Rozentalis,E (2588) Kallithea 2009}) 13... Rfe8 14. b5 Bxf3 $1 15. gxf3 Nb8 $1 16. Bb4 Qe6 17. O-O a5 18. Bd2 Nbd7 19. c5 e4 {[#] And now ...Qh3 would win.} 20. f4 Qh3 {...Ng4 is the strong threat.} 21. Kh1 $1 Ng4 22. Bxg4 $1 Qxg4 23. Rg1 Qf3+ 24. Rg2 Re6 {aiming for ...Rg6.} 25. Kg1 Nf8 26. Bc3 Rg6 27. Rxg6 (27. Rg3 $142) 27... Nxg6 $17 28. Qd1 {[#] Threatening Qxf3.} Qh3 $1 $40 {[%mdl 128] ( -> ...Nh4). Black attacks with force.} 29. Qd4 {[%csl Gc3][%cal Rd4g7]} f6 30. Qd5+ $2 ({Don't blunder} 30. Qxe4 $2 Nh4 $19) (30. Qc4+ {is tougher.} Kh8 31. Qf1 (31. Qxe4 $2 Nh4 $19)) 30... Kh8 31. Qxb7 (31. f3 $142 exf3 32. Qd2) 31... Rg8 {Precision: White = 35%, Black = 59%.} 0-1

[Event "XVII Orsha-2019 Open"]
[Site "Orsha"]
[Date "2019.01.18"]
[Round "2"]
[White "Elkin, Leonid"]
[Black "Mihajlovskij, Sergei"]
[Result "0-1"]
[WhiteElo "2085"]
[BlackElo "2406"]
[Annotator "NA"]
[PlyCount "56"]
[EventDate "2019.01.18"]
[EventType "swiss"]
[EventCountry "BLR"]
[SourceTitle "playchess.com"]
[Source "ChessBase"]
[SourceQuality "1"]
[TimeControl "5400+30"]

1. d4 {[%emt 0:00:00]} c5 {[%emt 0:09:10]} 2. d5 {[%emt 0:00:00]} e5 {[%emt 0:00:07]} 3. c4 {[%emt 0:00:00]} d6 {[%emt 0:00:04]} 4. e4 {[%emt 0:00:06]} Be7 {[%emt 0:00:06]} 5. Nc3 {[%emt 0:00:50]} Bg5 {[%emt 0:01:22]} 6. h3 {[%emt 0:02:23]} Bxc1 {[%emt 0:02:15]} 7. Rxc1 {[%emt 0:00:05]} Ne7 {[%emt 0:01:27]} 8. Bd3 {[%emt 0:05:47]} a6 {[%emt 0:05:15]} 9. Nge2 {[%emt 0:06:01]} Nd7 {[%emt 0:01:36]} 10. O-O {[%emt 0:01:27]} O-O {[%emt 0:03:17]} 11. Ng3 {[%emt 0:01:56]} Rb8 {[%emt 0:11:55]} 12. Nf5 {[%emt 0:06:06]} Nf6 {[%emt 0:11:27]} 13. Qf3 {[%emt 0:06:24]} g6 {[%emt 0:06:27]} 14. Ne3 {[%emt 0:04:08]} Nh5 {[%emt 0:03:59]} 15. Qd1 {[%emt 0:29:09]} Nf4 {[%emt 0:06:25]} 16. Ne2 {[%emt 0:02:38]} b5 {[%emt 0:07:09]} 17. b3 {[%emt 0:02:58]} Bd7 {[%emt 0:04:37]} 18. Qd2 {[%emt 0:07:04]} f6 {[%emt 0:00:44]} 19. cxb5 {[%emt 0:04:00]} axb5 {[%emt 0:00:57]} 20. Ra1 {[%emt 0:05:24]} Ra8 {[%emt 0:00:28]} 21. Rfc1 {[%emt 0:01:27]} Qb6 {[%emt 0:08:09]} 22. Nxf4 {[%emt 0:02:39]} exf4 {[%emt 0:00:02]} 23. Nd1 {[%emt 0:00:06]} g5 {[%emt 0:00:33]} 24. Nb2 {[%emt 0:00:33]} Ra3 {[%emt 0:00:42]} 25. Qe2 {[%emt 0:00:25]} Ng6 {[%emt 0:00:26]} 26. Qh5 {[%emt 0:03:03]} Ne5 {[%emt 0:00:42]} 27. Bf1 {[%emt 0:01:10]} Be8 {[%emt 0:01:19]} 28. Qh6 {[%emt 0:00:20]} Bg6 {[%emt 0:00:24]} 0-1